| 000 | 00841nam a22002777a 4500 | ||
|---|---|---|---|
| 001 | BR8104146 | ||
| 003 | BR-BrBNA | ||
| 005 | 20241219165624.0 | ||
| 007 | ta | ||
| 008 | 230509b bl.||||| |||| 00| 0 por d | ||
| 040 |
_aBR-BrBNA _bpor _cBiblioteca Nacional de Agricultura |
||
| 041 | _a(Por) | ||
| 072 |
_aC00; E10; E50 _b/G302 |
||
| 090 |
_a C00 BR8104146 _b2024-8419 |
||
| 100 | 1 | _aWerthein, J. | |
| 100 | 1 | _aBordenave, J.D. (comps.) | |
| 245 | 1 |
_aEducacao rural no terceiro mundo. Experiencias e novas alternativas [Extensao rural; America Latina] _bColecao Educacao e Comunicacao - v. 5 |
|
| 260 | 3 |
_aRio de Janeiro, RJ (Brasil): _bPaz e Terra, _c1981. |
|
| 300 | _a370 p. | ||
| 500 | _aTranslation | ||
| 650 | _aEDUCACAO | ||
| 650 | _aENSINO | ||
| 650 | _aBAIXA RENDA | ||
| 650 | _aDESENVOLVIMENTO RURAL | ||
| 942 |
_cBK _2AGRIS |
||
| 999 |
_c31689 _d31689 |
||